000 00503nam a22001577a 4500
003 LRUA
005 20231024214652.0
008 231024b xxu||||| |||| 00| 0 eng d
040 _cRUA
082 _2RUA ច័ន្ទ ២០១២ C336 Or.
100 _916050
_aច័ន្ទ​ សារុន
245 _aក្រសួង​កសិកម្ម រុក្ខាប្រមាញ់ និងនេសាទ
260 _aPhnom Penh
_bRUA
_c2012
300 _a183P
_c24cm
942 _2ddc
_cKB
999 _c22060
_d22060